00476nam a2200157 i 4500001000300000100001200003245004600015260002100061040000800082041000800090942000700098008004100105999001300146856009600159952006300255bg1 aHAN, K. 0aReading Comprehension Practice /cK. Han. aKraków,c1984. cBPK apol cKS s pl f |000 0 pol  c935d935 uhttp://koha.tu.koszalin.pl/cgi-bin/koha/opac-detail.pl?biblionumber=935yKatalog online BPK 00104070aBPKbBPKcwoP 22120p01934977s2017-06-29yKS